000 00726nam a2200205Ia 4500
005 20220215155651.0
008 210716s2013 xx 000 0 und d
020 _a9789332518926
040 _cAIMIT LIBRARY
041 _aeng
082 _a658.802
_25
_bPRAC
100 _aPrahalad, C K.
_920025
245 _aFortune at the bottom of the pyramid :
_beradicating poverty through profits /
_cBy C. K. Prahalad.
250 _a5th ed.
_bRevised and updated 5th anniversary edition
260 _aNew Delhi :
_bPearson Education ,
_c2013.
300 _aIv, 360p. ;
_c24 cm.
650 _aProducts and services for the BOP
_920026
650 _aDevelopment as social transformation
_920027
942 _2ddc
_cBK
_e5th
_k658.802 PRAC
999 _c208879
_d208879